Les 20 pays les moins corrompus - Statistiques

Statistiques générales
  • Ce quiz a été pris 144 fois
  • Le résultat moyen est 15 sur 20
Statistiques - réponses
Indice de corruption Pays % Correct
72 France
96%
85 Suède
90%
81 Canada
87%
84 Norvège
87%
85 Suisse
87%
85 Finlande
86%
80 Royaume-Uni
83%
80 Allemagne
82%
88 Danemark
81%
76 Islande
78%
73 Japon
77%
82 Pays-bas
77%
75 Belgique
76%
77 Australie
75%
81 Luxembourg
74%
73 Irlande
72%
76 Autriche
68%
87 Nouvelle-Zélande
60%
73 Estonie
51%
85 Singapour
40%
Aucun quiz correspondant
Distribution des résultats
% des personnes avec chaque résultat
Percentile par nombre de réponses
Votre historique - résultats
Vous n’avez pas pris ce quiz